CUESTIONES PEDAGOGICAS : (Registro nro. 51561)
[ vista simple ]
| 000 -LEADER | |
|---|---|
| fixed length control field | 01064nam a2200181 a 4500 |
| 001 - CONTROL NUMBER | |
| control field | 51561 |
| 005 - DATE AND TIME OF LATEST TRANSACTION | |
| control field | 20180714041045.0 |
| 008 - FIXED-LENGTH DATA ELEMENTS--GENERAL INFORMATION | |
| fixed length control field | 140415s2003 mx 000 0 spa d |
| 020 ## - INTERNATIONAL STANDARD BOOK NUMBER | |
| International Standard Book Number | 968232436X |
| 041 ## - LANGUAGE CODE | |
| Language code of text/sound track or separate title | spa |
| 082 ## - DEWEY DECIMAL CLASSIFICATION NUMBER | |
| Classification number | 370.3 |
| Item number | CUE |
| 245 00 - TITLE STATEMENT | |
| Title | CUESTIONES PEDAGOGICAS : |
| Remainder of title | UNA ENCICLOPEDIA HISTORICA |
| 250 ## - EDITION STATEMENT | |
| Edition statement | 1a ed. |
| 260 ## - PUBLICATION, DISTRIBUTION, ETC. | |
| Place of publication, distribution, etc. | MEXICO : |
| Name of publisher, distributor, etc. | SIGLO VEINTIUNO DE EDITORES, |
| Date of publication, distribution, etc. | 2003 |
| 300 ## - PHYSICAL DESCRIPTION | |
| Extent | 874 |
| Dimensions | 16.7 x 2.8 x 23.5 |
| 520 ## - SUMMARY, ETC. | |
| Summary, etc. | EN PRIMER LUGAR, ESTA OBRA SE ENFRENTA A UN VERDADERO DESAFIO: EN EL CAMPO PEDAGOGICO, ¿SE PUEDEN PRESENTAR TEMAS CONSIDERADOS IMPORTANTES EN NUESTROS DIAS Y SITUARLOS AL MISMO TIEMPO DENTRO DE UNA PERSPECTIVA HISTORICA? PRETENDER MANTENER ESTOS DOS ASPECTOS ALA VEZ ES RECHAZAR LA CEGUERA DE UN ENFOQUE CONTEMPORANEO QUE, CON FRECUENCIA, OMITE INSCRIBIRSE DENTRO DE UNA HISTORIA, Y ES NEGAR LA CERRAZON DE UN ENFOQUE HISTORICOQ UE, CON TODA RAZON, ATIENDE A PENSAR QUE NO SE PUEDE COMPREND |
| 650 14 - SUBJECT ADDED ENTRY--TOPICAL TERM | |
| Topical term or geographic name entry element | ENCICLOPEDIAS Y DICCIONARIOS |
| General subdivision | SOCIOLOGIA DE LA EDUCACION |
| -- | EDUCACION |
| -- | ENCICLOPEDIAS Y DICCIONARIOS |
| Withdrawn status | Lost status | Source of classification or shelving scheme | Damaged status | Not for loan | Collection code | Home library | Current library | Shelving location | Date acquired | Source of acquisition | Inventory number | Total Checkouts | Full call number | Barcode | Date last seen | Date last checked out | Price effective from | Koha item type |
|---|---|---|---|---|---|---|---|---|---|---|---|---|---|---|---|---|---|---|
| Dewey Decimal Classification | General | Biblioteca Karol Wojtyla | Biblioteca Karol Wojtyla | Sala general | 03/12/2013 | Compra | 151000000000000000043541 | 1 | 370.3 CUE | 76814 | 05/01/2026 | 10/03/2020 | 03/12/2013 | Libro |